000 00543nam a22001577a 4500
003 SGT
020 _a97893822956785
082 _a541
100 _aPURI
245 _aPRINCIPLES OF PHYSICAL CHEMISTRY
260 _aNEW DELHI
_bVPC
_c2015-2016
300 _a1366
650 _aPHYSICAL CHEMISTRY
653 _aMATHEMATICAL CONCEPTS,QUANTUM MECHANICS-I WAVE MECHANICAL TREATMENT OF SIMPLE SYSTEMS,GROUP THEORY PART I :BASIC CONCEPTS,APPLICATIONS,MOLECULAR SPECTROSCOPY,THE GASEOUS STATE PART :REAL GASES,THERMOCHEMISTRY,
942 _2ddc
_cFPS
_015
999 _c9273
_d9273